00343nam a2200133Ia 4500008004100000020001500041041001200056082001600068100001700084245005900101260002500160300000800185650001600193221030s9999 xx 000 0 und d a8120307127 aEnglish a105.23bRao aP. V. S. Rao 0aPerspectives in Computer Architecturecby P. V. S. Rao bPHIaNew Delhic2000 a454 aBE Computer